000 00543nam a2200181Ia 4500
003 GCL
008 140319s9999 xx 000 0 ara d
040 _aGCL /
_cGCL
082 0 4 _a813.81
_bات
100 1 _aاكرم زعيتر
245 1 0 _aتاريخنا باسلوب قصص /
_cاكرم زعيتر
700 1 _aدرويش المقدادى
260 _a[S.N] :
_bدار الكاتب العربى للطباعة والنشر ،
_c1979
300 _a350 ص
490 _a
650 0 4 _aالقصص التاريخية
942 _2ddc
_cBK
999 _c38908
_d38908